[Event "Winnipeg TNT July op"]
[Site "Winnipeg"]
[Date "2013.07.02"]
[Round "1"]
[White "Wasserman, Leor"]
[Black "Javate, Larry"]
[Result "1-0"]
[WhiteElo "1961"]
[BlackElo "1411"]
[PlyCount "42"]
[EventDate "2013.07.02"]
[EventType "swiss"]
[EventRounds "5"]
[EventCountry "CAN"]
[SourceTitle "EXT 2022"]
[Source "ChessBase"]
[SourceDate "2021.10.06"]
[SourceVersion "1"]
[SourceVersionDate "2021.10.06"]
[SourceQuality "1"]

1. e4 c5 2. Nf3 d6 3. d4 cxd4 4. Nxd4 Nf6 5. Nc3 e5 6. Nf3 Nc6 7. Bc4 h6 8. 0-0 a6 9. Be3 b5 10. Bb3 b4 11. Nd5 Nxe4 12. Bb6 Qd7 13. Nc7+ Ke7 14. Qd5 Qf5 15. Qxc6 Nf6 16. Rad1 Qd7 17. Nxe5 Qxc6 18. Nxc6+ Kd7 19. Ne5+ Ke7 20. Nxf7 Kd7 21. Rfe1 Be7 1-0

[Event "Winnipeg TNT June op"]
[Site "Winnipeg"]
[Date "2013.06.18"]
[Round "3"]
[White "Javate, Larry"]
[Black "Wasserman, Leor"]
[Result "0-1"]
[WhiteElo "1251"]
[BlackElo "1988"]
[PlyCount "82"]
[EventDate "2013.06.04"]
[EventType "swiss"]
[EventRounds "4"]
[EventCountry "CAN"]
[SourceTitle "EXT 2022"]
[Source "ChessBase"]
[SourceDate "2021.10.06"]
[SourceVersion "1"]
[SourceVersionDate "2021.10.06"]
[SourceQuality "1"]

1. e4 c5 2. Nf3 d6 3. h3 Nf6 4. Nc3 Nc6 5. Bc4 e6 6. a3 Be7 7. Ba2 0-0 8. d3 a6 9. 0-0 b5 10. Be3 Bb7 11. Nh2 d5 12. exd5 exd5 13. Bg5 d4 14. Bxf6 Bxf6 15. Ne4 Be5 16. f4 Bd6 17. Qh5 Qc7 18. Nxd6 Qxd6 19. Ng4 Kh8 20. Rae1 f5 21. Re6 Qd7 22. Rfe1 fxg4 23. Qxc5 Qc7 24. Qg5 Qxf4 25. Qxf4 Rxf4 26. Re8+ Rf8 27. R8e6 h6 28. Rg6 Rfe8 29. Rxe8+ Rxe8 30. Rd6 Ne5 31. Be6 Nc6 32. Bf5 Rd8 33. Rg6 Ne7 34. Rb6 Nxf5 35. Rxb7 Ne3 36. Ra7 Nxc2 37. Rxa6 Ne1 38. Rb6 Nxd3 39. b3 Nc1 40. Rxb5 d3 41. Rc5 d2 0-1